Chorrillos y Miraflores: batallas del Ejército de Chile. Crónicas de Eduardo Hempel, corresponsal de guerra
Saved in:
| 主要作者: | |
|---|---|
| 格式: | 圖書 |
| 語言: | 西班牙语 |
| 出版: |
Santiago
Ril Editores
2010
|
| 叢編: | Bibliodiversidad
|
| 主題: | |
| 標簽: |
添加標簽
沒有標簽, 成為第一個標記此記錄!
|
MARC
| LEADER | 00000cam a2200000 a 4500 | ||
|---|---|---|---|
| 001 | UCF5987 | ||
| 003 | CL-VaPUC | ||
| 008 | 130404e20100000CL |||||||||||||||||spa|d | ||
| 020 | |a 9789562847186 | ||
| 082 | 0 | 4 | |a 983.061 |b DOU |2 21 |
| 100 | 0 | |a Douglas Dollenz, Walter |e author |9 568031 | |
| 245 | 1 | 0 | |a Chorrillos y Miraflores: batallas del Ejército de Chile. Crónicas de Eduardo Hempel, corresponsal de guerra |
| 300 | |a 209 p | ||
| 942 | |c BK | ||
| 945 | |d 20130404 00:00:00 |a dcastane | ||
| 260 | |a Santiago |b Ril Editores |c 2010 | ||
| 600 | 0 | 7 | |a BATALLA DE CHORRILLOS Y MIRAFLORES |2 CL-VaPUC |9 507063 |
| 600 | 0 | 7 | |a CAMPAÑA DE LIMA |2 CL-VaPUC |9 507064 |
| 650 | 7 | |a HISTORIA DE CHILE 1879-1884 |2 CL-VaPUC |9 443792 | |
| 650 | 0 | |a Guerra del Pacífico |9 314886 | |
| 650 | 0 | |a Operaciones militares |9 372045 | |
| 583 | |a last modification |c 20130404 09:53:00 |k Rodrigo Vera | ||
| 490 | 0 | |a Bibliodiversidad | |
| 999 | |c 351380 |d 351378 | ||
| 952 | |0 0 |1 0 |4 0 |6 983_061000000000000_DOU_2010 |7 0 |8 X |9 455429 |a FDOBUD |b FDOBUD |d 2019-11-22 |i 4881311 |o 983.061 DOU 2010 |p 4881311 |r 2019-11-22 |w 2019-11-22 |y BK_X |k BUD | ||
| 952 | |0 0 |1 0 |3 erb |4 0 |6 983_061000000000000_DOU_2010 |7 0 |8 A |9 455430 |a BIBCUR |b BIBCUR |d 2019-11-22 |i 5011353 |o 983.061 DOU 2010 |p 5011353 |r 2025-04-22 |w 2019-11-22 |y BK |z Catalogado en:20130930 |k PER | ||